000 01760njm a2200457 c 4500
003 BLK
005 20250130004035.0
008 180410b bul||n||s|||||||| n|bulo|
010 _aCDD00001162000
040 _aBLK
041 _aDEU
_cDEU
_hENG
080 _aСимфонии
_b785.082.1
_x
_z785.082.1
080 _aМецосопран
_b78.087.612.2
_x
_z78.087.612.2
080 _aТенор - мъжки певчески глас
_b78.087.613.1
_x
_z78.087.613.1
100 1 _aMahler, Gustav
_917569
700 1 _aБахметьев, П.
_e*
_9387511
700 1 _aThorborg, Kerstin
_eмецосопран
_926215
700 1 _aKullman, Charles
_eтенор
_916138
700 1 _aWiener Philarmoniker
_9387498
700 1 _aWalter, Bruno
_eдиригент
_9354162
139 _aMahler, Gustav
_bM 18
245 1 0 _aDas Lied von der Erde [CD Audio]
_cGustav Mahler; * П. Бахметьев; мецосопран Kerstin Thorborg; тенор Charles Kullman; Wiener Philarmoniker; диригент Bruno Walter.
245 1 0 _aIch bin der Welt abhanden gekommen
_baus Ruckert-Lieder
_cNr.4
246 1 1 _aПесен за земята : Симфония
257 _aDEU
260 Koln
_bEMI Classics
_c1992
300 _c12 см. Stereo
_fбр. в к-т
_g1 CD
306 _a63 мин., 52 сек.
380 _a7
650 4 _aСимфонии
_9170960
650 7 _aВокално-инструментални творби
_2
_9151228
653 _aсимфонии
653 _aмецосопрани
653 _aтенори
852 _aЦб CD 1329
_p0
856 4 _qpdf
_u
856 4 _qpdf
_u
942 _cCDD
_n0
944 _aCR
_c20.08.2010
_k
_lCRON CRON
944 _aED
_c02.11.2010
_k
999 _c218661
_d218661